000 02645nab a2200241 i 4500
003 BR-BrBNA
005 20260330172257.0
008 260330b2018 bl.mr|pooa||| 00| 0 es |
040 _aBR-BrBNA
_bes
072 _aE80
100 _aUrcola, Marcos Andrés
245 _aPromoción, Desarrollo y Persistencia de la Agricultura Familiar y sus Formas Asociativas: el caso de las asociaciones apícolas en la provincia de Chaco, Argentina (1999-2015)
500 _aPublicação on-line; 38 ref.; Sumaries (En, Es)
520 _a Resumen: El artículo se propone indagar sobre las formas asociativas que caracterizan a los actores identificados bajo la noción de “agricultura familiar” en el marco de los programas de desarrollo rural en la Argentina. Para ello, se interroga sobre la influencia de las diferentes estrategias grupales de intervención de los programas y sobre las posibilidades de desarrollo y persistencia de las asociaciones una vez finalizados los mismos. Adoptando un enfoque metodológico de tipo cualitativo y de estudio de caso, se analizan comparativamente las experiencias de los grupos y asociaciones apícolas promovidas en el marco de los programas Prodernea (1999-2007) y Prodear (2009-2015) en la provincia de Chaco, Argentina. Palabras clave: agricultura familiar, asociativismo, desarrollo rural, Prodernea-Prodear.
520 _a Abstract: This paper is about the associative forms identified with family farm. The analysis is connected with rural development programs in Argentina. In this sense, we ask about the influence of the different group’s strategies of intervention in those programs and the possibilities to develop and persist in these associations, after the programs period of intervention. The paper adopts a qualitative methodological strategy and it is a study’s case approach related with the experiences of groups of honey producers and associations that have been developed in the frame of Prodernea (1999-2007) and Prodear (2009- 2015) programs from a comparative point of view, both in the province of Chaco, Argentina. Key-words: Family farm, associations, rural development, Prodernea-Prodear.
650 _aAGRICULTURA FAMILIAR
650 _aASSOCIATIVISMO
650 _aDESENVOLVIMENTO RURAL
773 0 _03564
_9316860
_dBrasília-DF Sociedade Brasileira de Economia e Sociologia Rural 1988
_o2024-3404
_tRevista de Economia e Sociologia Rural (Brazil)
_x0103-2003
_gv. 56 (2) p. 293-310; (2018)
_wBR2025002342
856 _uhttps://www.scielo.br/j/resr/a/QNVy5c8dtwnVC7YTQMWTRSy/?format=pdf&lang=es
942 _cANA
999 _c341158
_d341158